000 05568nam a22005537a 4500
005 20120120121035.0
010 _aB-468353-380
020 _a9788179933305
_c155.00
020 _a9788179933305
_c155.00
035 _aB-468353-380
037 _aDPL
_bBlue Berry/Ven
100 _aSen, Benita
_950475
245 _aAncient Egypt /
_cby Benita Sen
246 _aAncient Egypt /
260 _aNew Delhi
_bTeri Press
_c2011
270 _aDarbari Seth Block, IHC Complex, Lodhi Road
_bNew Delhi
_e110003
_k24682100 / 41504900
_l24682144 / 24682145
_mTeripress@teri.res.in
300 _a30 p.
_bCol.ill
_c29cm (Hb)
490 _aSmart Green Civilizations
_950476
942 _2ddc
_cCH
_m SEN
_h932
999 _c61290
_d61290